000 01800nam0a2200325 4500
001 RU\NLR\BIBL_A\011760392
005 20250618101852.0
010 _a978-5-8392-0722-6
_9300
021 _aRU
_bКН-П-18-048122
_9КН-П-18-3477
035 _a(NLR Aleph) 011760392
035 _a(RuMoRGB)009676627
090 _a11673676
_c11673676
100 _a20180727d2018 k y0rusy50 ca
101 0 _arus
102 _aRU
105 _aa z 100zy
200 1 _aНаука и практика в условиях санкционного миропорядка
_eсборник научных статей по итогам Международной научно-практической конференции, 30-31 мая 2018 года
_fСанкт-Петербургский центр системного анализа
210 _aСанкт-Петербург
_cКультИнформПресс
_d2018
215 _a139 с.
_cил., табл.
_d29
320 _aБиблиогр. в конце ст.
606 1 _aНаучные конференции
_jСборники
_yСанкт-Петербург, город
_92199847
_3RU\NLR\AUTH\6601556951
686 1 _aЯ431(2-2СПб)
711 1 2 _a"Наука и практика в условиях санкционного миропорядка", международная научно-практическая конференция
_eСанкт-Петербург
_f2018
_9619333
_3RU\NLR\AUTH\880479311
712 0 2 _4557
_aСанкт-Петербургский центр системного анализа
_9580299
_3RU\NLR\AUTH\880458656
942 _cBOOK
980 _aNBR
980 _aNB